000 00579nam a2200217Ia 4500
003 GCL
008 140319s9999 xx 000 0 eng d
040 _aGCL /
_cGCL
082 0 4 _a515.93
_bV P
100 1 _aVOLKOVYSKY, L
245 1 0 _aPROBLEMS IN THE THEORY OF FUNCTIONS OF A COMPLEX VARIABLE /
_cVOLKOVYSKY, L
700 1 _aLUNTS, G
700 1 _aARAMANOVICH, I
700 1 _aSHIFFER, VICTOR
260 _a[S.N] :
_bMIR PUBLISHERS ،
_c1972
300 _a332 P
650 0 4 _aMATHEMATICAL ANALYSIS
650 0 4 _aMATHEMATICS
650 0 4 _aFUNCTIONS
942 _2ddc
_cBK
999 _c14123
_d14123